Ingmar Bergman

Sparad:
Bibliografiska uppgifter
Huvudupphovsman: Company, Juan Miguel (Författare, medförfattare)
Materialtyp: Bok
Språk:spanska
Publicerad: Madrid Cátedra S.A 1999
Upplaga:3a. ed
Serie:Signo e Imagen - Cineastas, 1
Ämnen:
Taggar: Lägg till en tagg
Inga taggar, Lägg till första taggen!

MARC

LEADER 00000cam a2200000 a 4500
001 UCC7780
003 CL-VaPUC
008 190505e19990000sp |||||||||||||||||spa|d
020 |a 8437609267 
082 0 4 |a 791.7375  |b COM  |2 21 
100 0 |a Company, Juan Miguel  |e author  |9 602468 
245 1 0 |a Ingmar Bergman 
250 |a 3a. ed 
300 |a 231 p 
942 |c BK 
945 |d 20190505 21:05:00  |a dcastane 
260 |a Madrid  |b Cátedra S.A  |c 1999 
650 7 |a PELICULAS CINEMATOGRAFICAS  |2 CL-VaPUC  |9 602469 
650 7 |a CINE SUECO  |2 CL-VaPUC  |9 602450 
650 0 |a Directores de cine  |9 368705 
650 0 |a Crítica e interpretación   |9 255042 
583 |a last modification  |c 20190505 21:05:00  |k Rodrigo Vera 
490 0 |a Signo e Imagen - Cineastas, 1 
999 |c 374329  |d 374327 
952 |0 0  |1 0  |3 erb  |4 0  |6 791_737500000000000_COM_1999  |7 0  |8 A  |9 492833  |a BIBART  |b BIBART  |i 5545900  |o 791.7375 COM 1999  |p 5545900  |r 2025-03-13  |w 2019-11-24  |y BK  |z Catalogado en:20190505  |k ART